000 00670nam a2200181Ia 4500
008 151202s9999||||xx |||||||||||||| ||und||
082 _bPNVM-46715
100 _aचिंचोळकर सुनील.
245 _aचिंता करतो विश्वाची.
260 _b"गंार्ववेद प्रकाशन,पुणे."
260 _c2006
300 _a500
600 _aचिंचोळकर सुनील.
630 _aचिंता करतो विश्वाची.
700 _aचिंचोळकर सुनील.
730 _aचिंता करतो विश्वाची.
942 _cBOOK
999 _c1312665
_d1312662